Detalles MARC
| 000 -LEADER |
| fixed length control field |
01056ngm a2200397 c 4500 |
| 001 - CONTROL NUMBER |
| control field |
167671 |
| 003 - CONTROL NUMBER IDENTIFIER |
| control field |
DO-SdBNP |
| 005 - DATE AND TIME OF LATEST TRANSACTION |
| control field |
20180202100115.0 |
| 007 - PHYSICAL DESCRIPTION FIXED FIELD--GENERAL INFORMATION |
| fixed length control field |
167671 |
| 008 - FIXED-LENGTH DATA ELEMENTS--GENERAL INFORMATION |
| fixed length control field |
120216s1999 sp 107 g 1 mul |
| 015 ## - NATIONAL BIBLIOGRAPHY NUMBER |
| National bibliography number |
|
| 017 ## - COPYRIGHT OR LEGAL DEPOSIT NUMBER |
| Copyright or legal deposit number |
|
| Assigning agency |
|
| 020 ## - INTERNATIONAL STANDARD BOOK NUMBER |
| International Standard Book Number |
043907035X |
| 028 40 - PUBLISHER NUMBER |
| Publisher number |
|
| Source |
|
| 035 ## - SYSTEM CONTROL NUMBER |
| System control number |
|
| 040 ## - CATALOGING SOURCE |
| Original cataloging agency |
BPMSU |
| Language of cataloging |
spa |
| Transcribing agency |
BPMSU |
| Description conventions |
|
| 084 ## - OTHER CLASSIFICATION NUMBER |
| Classification number |
|
| Number source |
|
| 100 1# - MAIN ENTRY--PERSONAL NAME |
| Personal name |
Applegate, Katherine Alice |
| 130 4# - MAIN ENTRY--UNIFORM TITLE |
| Uniform title |
The proposal |
| Language of a work |
Políglota |
| 240 ## - UNIFORM TITLE |
| Uniform title |
<a href=" "> </a> |
| 245 13 - TITLE STATEMENT |
| Title |
The proposal / |
| Statement of responsibility, etc. |
K. A. Applegate. |
| Medium |
|
| Remainder of title |
|
| 260 ## - PUBLICATION, DISTRIBUTION, ETC. (IMPRINT) |
| Place of publication, distribution, etc. |
[Madrid] : |
| Name of publisher, distributor, etc. |
Walt Disney Studios Home Entertainment, |
| -- |
Touchstone Home Entertainment |
| Date of publication, distribution, etc. |
2009. |
| 300 ## - PHYSICAL DESCRIPTION |
| Extent |
143 p. ; |
| Other physical details |
21 cm. |
| Accompanying material |
|
| 490 1# - SERIES STATEMENT |
| Series statement |
Animorrhs |
| Volume/sequential designation |
35 |
| 500 ## - GENERAL NOTE |
| General note |
|
| 500 ## - GENERAL NOTE |
| General note |
|
| 511 1# - PARTICIPANT OR PERFORMER NOTE |
| Participant or performer note |
|
| 518 ## - DATE/TIME AND PLACE OF AN EVENT NOTE |
| Date/time and place of an event note |
Largometraje producido en 2009 por Estados Unidos |
| 520 3# - SUMMARY, ETC. |
| Summary, etc. |
|
| 521 ## - TARGET AUDIENCE NOTE |
| Target audience note |
|
| 655 #7 - INDEX TERM--GENRE/FORM |
| Genre/form data or focus term |
Comedia romántica cinematográfica |
| Source of term |
tgfbne |
| 830 #0 - SERIES ADDED ENTRY--UNIFORM TITLE |
| Uniform title |
Animorrhs |
| Volume number/sequential designation |
35 |
| 942 ## - ADDED ENTRY ELEMENTS (KOHA) |
| Source of classification or shelving scheme |
Dewey Decimal Classification |
| Koha item type |
Libros |
| 945 ## - LOCAL PROCESSING INFORMATION (OCLC) |
| a |
Inventariado, 2018 /LP |
| 956 ## - LOCAL ELECTRONIC LOCATION AND ACCESS (OCLC) |
| Host name |
VMATEO |
| Access number |
10 |
| Compression information |
20160524 |
| Path |
BPMSU |
| Electronic name |
0069 |